000 01214 a2200229 4500
001 54061
005 20260407155811.0
008 260407a1974 arg spa d
003 AR-UNSa-BCEJYS
040 _aAR-UNSa-BCEJYS
_bspa
_cAR-UNSa-BCEJYS
080 _a519.86
_xTeoría de modelos económico-matemáticos
245 1 0 _aIntroducción a las matemáticas de los negocios y la economía
020 _a0-13-487413-7
264 1 _aNew Jersey :
_bPrentice/Hall Internacional
_c1974
300 _axv, 581 p.
_c23 cm.
505 _a1. Modelos matemáticos - 2. Números y numeración - 3. Funciones - 4. Funciones lineal y cuadrática - 5. Funciones exponencial y logarítmica - 6. Funciones periódicas - 7. Sistemas de ecuaciones lineales y desigualdades - 8. Programación lineal - 9. Algebra matricial - 10. El mútodo símplex - 11. Sucesiones y límites - 12. Cálculo diferencial - 13. Calculo diferencial:Aplicaciones - 14. Cálculo integral - 15. Posibilidades y probabilidades - 16. Probabilidades - 17. Esperanzas, decisiones y juegos - 18. Simulación
041 _aspa
942 _cBK
590 _aniveau_biblio:m niveau_hierar:0
100 1 _aFreund, John E.
700 1 _aPomareda, Rolando J.
999 _c5329
_d5329